| 000 | 00866nam a22002417a 4500 | ||
|---|---|---|---|
| 001 | 5673 | ||
| 003 | FISKH | ||
| 005 | 20250113091927.0 | ||
| 008 | 250113b cb ||||| |||| 00| 0 eng d | ||
| 020 | _a9781338079173 | ||
| 040 |
_aFISKH _beng _cFISKH _dFISKH |
||
| 050 | _aE221.M67 | ||
| 082 | _a973.3 | ||
| 100 | _aMorey, Allan | ||
| 245 |
_aA timeline history of the declaration of independence / _cby Allan Morey |
||
| 260 |
_aNew York : _bScholastic ; _c2015. |
||
| 300 |
_a48 pages : _bcolor illustrations ; _c26 cm . |
||
| 490 | _aTimeline Trackers: America's Beginnings | ||
| 520 | _aTraces the developments within the Republic during the creation of the Declaration of Independence, discussing the important events and turning points of the time. --Publisher's description. | ||
| 650 |
_abiography _vnon-fiction |
||
| 942 |
_2ddc _cBK _n0 |
||
| 999 |
_c5673 _d5673 |
||